Saptari jillako kataiya ga. bi. sa. ma pariwarbata chhutiyeka bridhabridha haruko pariwarik, samajik ra aarthik abasthako adhyyan (Record no. 100651)
[ view plain ]
| 000 -LEADER | |
|---|---|
| fixed length control field | 00561nam a22001577a 4500 |
| 008 - FIXED-LENGTH DATA ELEMENTS--GENERAL INFORMATION | |
| fixed length control field | 210809b |||||||| |||| 00| 0 eng d |
| 082 ## - DEWEY DECIMAL CLASSIFICATION NUMBER | |
| Classification number | CD17912 |
| 100 ## - MAIN ENTRY--PERSONAL NAME | |
| Personal name | Saha, Samarika Kumari |
| -- | 24281 |
| 245 ## - TITLE STATEMENT | |
| Title | Saptari jillako kataiya ga. bi. sa. ma pariwarbata chhutiyeka bridhabridha haruko pariwarik, samajik ra aarthik abasthako adhyyan |
| 260 ## - PUBLICATION, DISTRIBUTION, ETC. (IMPRINT) | |
| Place of publication, distribution, etc | Morang: |
| Date of publication, distribution, etc | 2073.BS. |
| 502 ## - DISSERTATION NOTE | |
| Dissertation note | Dissertation (Degree in Health and Population), Sukuna Bahumukhi Campus |
| 650 ## - SUBJECT ADDED ENTRY--TOPICAL TERM | |
| Topical term or geographic name as entry element | Older people |
| 650 ## - SUBJECT ADDED ENTRY--TOPICAL TERM | |
| Topical term or geographic name as entry element | Socio-economic status |
| 650 ## - SUBJECT ADDED ENTRY--TOPICAL TERM | |
| Topical term or geographic name as entry element | Family |
| 942 ## - ADDED ENTRY ELEMENTS (KOHA) | |
| Source of classification or shelving scheme | Dewey Decimal Classification |
| Koha item type | Audio Visual Materials |
| Withdrawn status | Lost status | Source of classification or shelving scheme | Damaged status | Not for loan | Home library | Current library | Date acquired | Total Checkouts | Full call number | Barcode | Date last seen | Price effective from | Koha item type |
|---|---|---|---|---|---|---|---|---|---|---|---|---|---|
| Dewey Decimal Classification | Tribhuvan University Central Library | Tribhuvan University Central Library | 08/09/2021 | CD17912 | A17862 | 08/09/2021 | 08/09/2021 | Audio Visual Materials |
